000
00317 a2200121 4500
000
nam a22 7a 4500
005
20260109143624.0
020
_a
9781470479015
100
_a
Bartle, Robert G.
_9
863427
245
_a
A modern theory of Integration
260
_b
American Mathematical Society
_c
2024
942
_c
TEXL
999
_c
1467421
_d
1467421